| 000 | 01034nam a2200265 a 4500 | ||
|---|---|---|---|
| 999 |
_c424243 _d424243 |
||
| 003 | BLK | ||
| 005 | 20250721170753.0 | ||
| 008 | 180409b bul|||||r ||||||| ||bul|| | ||
| 020 | _a9788327424709 | ||
| 040 | _aBLK | ||
| 041 |
_aBUL _cBUL |
||
| 080 |
_aОснови на четенето. Методи на обучение в четенето _b373.3.016:028.1 _z373.3.016:028.1 |
||
| 080 |
_aЗападноевропейска литература _b821 _x-93-34 _z821-93-34 |
||
| 139 |
_aКотаракът в чизми и още две приказки _bК 87 |
||
| 245 | _aКотаракът в чизми и още две приказки | ||
| 257 | _aBGR | ||
| 260 |
_aСофия _bИна _c2020 _9216067 _n978-954-9328- |
||
| 300 |
_a48 с. _c24 см |
||
| 380 | _aDN | ||
| 490 |
_9460085 _aЧетене на срички |
||
| 505 | _tМаша и мечокът | ||
| 505 | _tПетльо, Котаран и Лиса | ||
| 942 |
_cKNG _n0 _026 _s1 |
||
| 944 |
_k30564 _aCR _c2021-07-19 _lАнна Гръцманова |
||